000
00331pab a2200145 454500
008
180718b2005 xxu||||| |||| 00| 0 eng d
100
_a
Mazlish, Bruce
245
_a
The global and the local
260
_c
2005
300
_a
p.93-11.
362
_a
Jan
650
_a
Globalization
773
_a
Current Sociology
909
_a
64030
999
_c
64030
_d
64030